[Event "WCPL:Cardigan-Cardiff"]
[Site "?"]
[Date "2017.03.12"]
[Round "3.4"]
[White "Van Kemenade, Rudy"]
[Black "Hatchett, Paul"]
[Result "0-1"]
[WhiteElo "1921"]
[BlackElo "2040"]
[Annotator "Rudy"]
[PlyCount "92"]
[EventDate "2017.03.12"]
[EventCountry "WLS"]
[SourceDate "2016.10.09"]

1. f4 b6 2. e4 Bb7 3. d3 e6 4. Nf3 d5 5. e5 {main} c5 6. g3 (6. c3) (6. d4 Nc6
7. c3 Nh6 8. Be3 Be7 9. Be2 O-O 10. Na3 f6 11. Nc2 fxe5 12. fxe5 Nf5 13. Bf2
cxd4 14. cxd4 Nb4 15. O-O Nxc2 16. Qxc2 Rc8 17. Qd2 Qe8 $11 {T.Taylor-Dellaca,
Southern California op Los Angeles 2007,1-0}) 6... Nc6 7. Bg2 Nh6 (7... Qc7) (
7... Qd7 8. Be3 Nh6 9. h3 f6 10. O-O O-O-O 11. Qe2 Nf7 12. c3 {Zatonskih-Adu,
World Op Philadelphia 2004,1-0}) 8. O-O Nf5 9. c3 h5 (9... d4 10. c4 Qd7 (10...
Be7 11. Qe2 O-O 12. Bd2 Rb8 13. Na3 Re8 14. Nc2 {Kopinits- Varezkina, Wld ch
girls U12, Cannes 1997,0-1}) 11. Qe2 Rd8 12. Ne1 a6 13. Na3 Nb4 14. Bxb7 Qxb7
15. Qf3 Qd7 16. Rf2 $11 {Steinmueller-Siegl, Nuremburg LGA cup 2012,1-0}) 10.
a4 $6 {later Wh needed a3} (10. Na3 Be7 (10... d4 11. c4 Qd7 12. Nc2 O-O-O 13.
Qe2 Be7 14. Bd2 h4 15. g4 h3 16. Bh1 Ne3 17. Bxe3 dxe3 18. Nce1 f6 19. Qxe3 g5
$17 {Shestakov-Averkin, RUS ch Kuibyshev1970,1-0}) 11. Nc2 Qd7 12. Ne3 d4 13.
Nxf5 exf5 14. h4 dxc3 15. bxc3 Rd8 16. Ne1 $11 {Dinev-Zlatanovic, Paracin,
Closed GM 2008,0-1}) (10. Re1 d4 11. c4 Be7 12. Na3 Qd7 13. Nc2 h4 14. g4 h3
15. Bh1 Nh4 16. Qe2 O-O-O 17. Bd2 Rdg8 18. g5 {Kappeler-Tammert, Verbands liga
Sued Baden 1992,0-1}) 10... Be7 11. Na3 a6 12. Nc2 d4 13. c4 (13. Nd2 {Komodo10
} dxc3 14. bxc3 Qxd3 15. Be4 Qd7 (15... Qxc3 16. Ra3 $18) 16. Nc4 Qxd1 17. Rxd1
Rb8 18. Bxf5 exf5 19. N2e3 $11 (19. Nxb6 Nxe5 20. Nd5 (20. fxe5 Be4 21. Nc4
Bxc2 22. Nd6+ Bxd6 23. Rxd6 h4 $17 {Komodo10}))) 13... Qd7 14. Qe1 (14. Qe2
O-O-O 15. Rd1 Kb8 16. Bd2 a5 17. Bh1 Nb4 18. Nxb4 cxb4 19. b3 Bc5 $11 {Komodo10
}) 14... O-O-O 15. Nd2 {trying to get to e4} (15. h4) (15. Bd2 a5 16. h4 Rhf8
$15 {Komodo10}) 15... Ne3 16. Nxe3 dxe3 17. Qxe3 Nb4 (17... h4 18. Ra3 Kb8 $15
{Komodo1o}) 18. Bxb7+ Qxb7 19. Qe4 (19. Qe2 Nxd3 20. h4 Rd7 21. Nf3 Rhd8 22. a5
b5 23. cxb5 Qxb5 24. Ng5 c4 $17 {Komodo10}) 19... Nxd3 (19... Rxd3) 20. Qxb7+
Kxb7 21. Nf3 Rd7 22. b3 (22. Ra3 $1 Rhd8 23. Kg2 Nb4 24. Rc3 Nc6 25. Be3 Rd3
26. Rxd3 Rxd3 27. Kf2 Nd4 28. Rc1 Nxf3 29. Kxf3 Rb3 30. Rb1 Kc6 $15) (22. Rb1
Rhd8 23. Bd2 Nb4 24. Bc3 Na2 25. Be1 Rd3 26. Kg2 $15 {Komodo10}) 22... Rhd8 23.
Be3 (23. Kg2 Nb4 24. Rb1 Rd3 25. Rb2 Nc6 26. Bd2 $15 {Komodo10}) (23. Bd2 Nb4
$17 24. Bxb4 cxb4 25. Kf2 Rd3 26. Rab1 Rc3 27. Kg2 Rdd3 28. Ne1 Rd7 29. f5 Bc5
30. fxe6 fxe6 31. Nf3 Be3 $17 {Komodo10}) 23... Nb4 24. Ne1 Rd1 25. Rxd1 Rxd1
26. Ng2 Rxf1+ 27. Kxf1 Nc2 28. Ke2 Na1 $17 29. Kd3 (29. f5 exf5 30. h4 Nxb3 31.
Nf4 g6 32. e6 fxe6 33. Nxe6 Bd6 $19) 29... Nxb3 30. f5 $5 {trying to get an h4
runner, or eliminate all the Kside pawns} (30. h3 Kc6 31. g4 hxg4 32. hxg4 g6
33. Ne1 b5 34. axb5+ axb5 35. cxb5+ Kxb5 36. Nc2 c4+ 37. Kc3 f5 38. gxf5 gxf5
$19 {Komodo10}) 30... exf5 31. Nf4 g6 (31... h4 32. e6 fxe6 33. Nxe6 hxg3 34.
hxg3 Bf6 35. Bg5 Bxg5 36. Nxg5 Nd4 $19 {Komodo10}) 32. e6 fxe6 33. Nxg6 {
Komodo10} (33. Nxe6 {pm analysis, gives better drawing chances} Bd6 (33... h4
34. gxh4 (34. Nf4 hxg3 35. hxg3 Bd6 36. Nxg6 Bxg3 37. Bg5 Nd4 $19) 34... Bxh4
35. Nf8 g5 36. Ng6 Na5 {Komodo10} (36... f4 37. Bxf4 gxf4 38. Nxh4 $11 {pm
analysis} Kc7 (38... Kc6 39. Ng6) 39. Nf3 (39. Ng6 f3 40. h4 Kd6 41. Ke3 Na5
42. Kxf3 Nxc4 43. Ke4 Ke6 44. Nf4+ Kf6 45. Nd5+ Kg6 46. Nc3 Kh5 47. Kd5 Ne3+
48. Kc6 Nc4 49. Kd5 $11) 39... Nc1+ (39... Kd6 40. Ke4 Na5 41. Nd2 $11) 40. Ke4
Ne2 41. h4 Kd6 42. Kf5 b5 43. cxb5 axb5 44. axb5 c4 45. Kg4 c3 46. Ne1 Kc5 47.
h5 f3 48. Kxf3 Nd4+ 49. Kf4 Ne6+ 50. Ke5 Nf8 $11 {Komodo10}) 37. Nxh4 gxh4 38.
h3 Nc6 39. Bf2 Ne5+ 40. Kc3 Ng6 $19 {Komodo10}) 34. Bf4 Nd4 35. Nxd4 Bxf4 36.
gxf4 cxd4 37. Kxd4 Kc6 $19 38. h4 Kd6 {zugzwang}) 33... Bf6 (33... Bd6 34. Bf4
Kc6 35. Bxd6 Kxd6 36. Nf4 Nd4 37. Nxh5 Nf3 38. h4 Ne5+ 39. Kc3 Nf7 $17 {
Komodo10}) 34. Nf4 e5 35. Nxh5 Bh8 (35... e4+ 36. Kc2 Nd4+ 37. Bxd4 Bxd4 38.
Nf4 Kc6 39. Nd5 Bg1 40. h4 Kd6 (40... Bf2 41. Ne7+ $11) 41. h5 Bf2 42. h6 Bxg3
43. Nxb6 Be5 44. Nd5 Ke6 45. h7 Kf7 46. Nf4 Bh8 47. Kd2 a5 48. Nd5 Bd4 49. Nc7
Be5 50. Na6 Kg7 51. Nxc5 Kxh7 52. Nb3 Bc7 $19 {Komodo10}) 36. Bh6 (36. Kc3 Nd4
37. Bg5 Kc6 (37... Nf3 38. h4 $11) 38. Bf6 Bxf6 39. Nxf6 e4 40. h4 Ne2+ 41. Kd2
Nxg3 42. h5 f4 43. h6 e3+ 44. Kd3 f3 45. Kxe3 Nf5+ 46. Kxf3 Nxh6 47. Ke4 $15 {
Komodo10; but Wh has chances of holding}) 36... e4+ 37. Kc2 (37. Ke3 Na5 38.
Kf4 (38. Bg7 Bxg7 39. Nxg7 Nxc4+ 40. Kf4 e3 41. Kf3 b5 42. axb5 a5 $1 $19 {
Komodo10} (42... axb5 43. Nxf5 $11) 43. Ne6 (43. h4 a4 44. h5 a3 45. h6 a2 (
45... Ne5+ 46. Kxe3 a2 $19) 46. h7 a1=Q 47. h8=Q Qf1# {Komodo10}) 43... Kb6 44.
Nf4 a4 45. Ne2 Kxb5 (45... a3 46. Nc3 Ka5 47. h4 Kb4 48. Na2+ Kxb5 49. h5 Ka4
50. Nc1 Kb4 51. h6 Ne5+ 52. Kxe3 Kc3 53. h7 Nf7 54. Kf4 Kb2 55. Nd3+ Kc2 {
Komodo10})) 38... Nxc4 39. Kxf5 e3 40. Nf4 b5 41. axb5 axb5 42. Ke4 b4 43. Nd3
Bd4 $19 44. Nxb4 cxb4 45. Kxd4 e2 $19) (37. Ke2 Kc6 (37... Nd4+)) 37... Nd4+
38. Kd1 Kc6 $17 39. Bg7 (39. h4 Kd7 40. Bg7 Bxg7 41. Nxg7 Ke7 42. Nh5 e3 (42...
Ne6 43. Kd2 Kf7 44. Ke3 Kg6 45. g4 fxg4 46. Ng3 Nd4 47. Kxe4 Nb3 48. Kf4 Nd2
49. Kxg4 Nxc4 50. Ne4 Nb2 51. Nc3 c4 52. Kf4 $11 {Komodo10}) 43. Nf4 $11) 39...
Bxg7 40. Nxg7 Kd6 (40... b5 41. cxb5+ axb5 42. axb5+ Kxb5 43. g4 fxg4 44. Ne8
Kc4 45. Nf6 Nf3 46. Nxg4 Kd3 $19 {Komodo10}) 41. Ne8+ (41. h4 Ke5 42. Nh5 Nc6
43. Kd2 Kd4 44. Nf4 Ne5 45. Ne6+ Kxc4 46. Ng7 b5 47. axb5 axb5 48. Nxf5 b4 49.
Ne3+ Kb3 $19 {Komodo10}) 41... Ke5 42. Nc7 (42. Kd2 f4 43. gxf4+ Kxf4 44. Nc7
e3+ 45. Ke1 Kf3 $19 {Komodo10}) 42... e3 43. Nxa6 (43. Nd5 Ke4 $19) 43... e2+ (
43... Ke4 $1) 44. Kd2 Ke4 45. a5 Kf3 46. axb6 Kf2 $1 (46... Nc2 47. Kxc2 e1=Q
48. b7 Qe4+ 49. Kc3 Qxb7) 0-1

[Event "WCPL:Cardigan-Cardiff"]
[Site "?"]
[Date "2017.03.12"]
[Round "3.5"]
[White "Sivarajasingam, Venetia"]
[Black "Haigh, Tony"]
[Result "0-1"]
[WhiteElo "1718"]
[BlackElo "1823"]
[PlyCount "66"]
[EventDate "2017.03.12"]
[EventCountry "WLS"]
[SourceDate "2016.10.09"]

1. e4 Nf6 2. e5 Nd5 3. d4 d6 4. Bc4 Nb6 5. Bd3 dxe5 6. dxe5 Nc6 7. Nf3 Bg4 8.
Bf4 Nb4 9. O-O Nxd3 10. cxd3 e6 11. Nc3 Be7 12. h3 Bh5 13. Rc1 O-O 14. Nb5 Nd5
15. Bg3 a6 16. Nc3 c6 17. a3 Nxc3 18. Rxc3 Qd5 19. d4 Rfd8 20. Rd3 Bxf3 21.
Qxf3 Qxf3 22. gxf3 Rd5 23. Rfd1 Rad8 24. Bf4 f6 25. R3d2 Kf7 26. Kg2 Kg6 27.
Kg3 Kf5 28. h4 fxe5 29. dxe5 Bxh4+ 30. Kxh4 Kxf4 31. Rxd5 Rxd5 32. Rg1 g6 33.
Rg5 Rxe5 0-1

[Event "WCPL:Cardigan-Cardiff"]
[Site "?"]
[Date "2017.03.12"]
[Round "3.6"]
[White "Robinson, Adam"]
[Black "Sivarajasingam, Shayanna"]
[Result "0-1"]
[WhiteElo "1615"]
[BlackElo "1715"]
[PlyCount "34"]
[EventDate "2017.03.12"]
[EventCountry "WLS"]
[SourceDate "2016.10.09"]

1. e4 e6 2. d4 d5 3. Nd2 dxe4 4. Nxe4 Nd7 5. Nf3 Ngf6 6. Ng3 c5 7. h3 cxd4 8.
Nxd4 Bc5 9. Be3 Qb6 10. Bc4 Qb4+ 11. c3 Qxc4 12. Nge2 Nd5 13. Bg5 h6 14. Bh4
Bxd4 15. cxd4 Qb4+ 16. Kf1 Qxb2 17. Bg3 Qa3 0-1

[Event "WCPL:Nidum-The Vale"]
[Site "?"]
[Date "2017.03.12"]
[Round "3.7"]
[White "Ralphs, Nigel"]
[Black "Musson, Adam J"]
[Result "0-1"]
[WhiteElo "2072"]
[BlackElo "2084"]
[PlyCount "48"]
[EventDate "2017.03.12"]
[EventCountry "WLS"]
[SourceDate "2016.10.09"]

1. e4 c6 2. d4 d5 3. e5 Bf5 4. Nf3 e6 5. Be2 c5 6. O-O Nc6 7. Be3 Qb6 8. Nc3
Qxb2 9. Nb5 Rc8 10. dxc5 Qxc2 11. Qe1 a6 12. Nfd4 Qe4 13. Nxc6 Rxc6 14. Nd4
Bxc5 15. Nxc6 Bxe3 16. Qa5 bxc6 17. fxe3 Qxe3+ 18. Rf2 Qxe5 19. Bxa6 Qxa1+ 20.
Bf1 Qd4 21. Qa8+ Ke7 22. Qb7+ Kf6 23. Qb8 Nh6 24. Qxh8 Ng4 0-1

[Event "WCPL:Nidum-The Vale"]
[Site "?"]
[Date "2017.03.12"]
[Round "3.8"]
[White "Saunders, Robert"]
[Black "Davis, Lee"]
[Result "1/2-1/2"]
[WhiteElo "2081"]
[BlackElo "1917"]
[PlyCount "43"]
[EventDate "2017.03.12"]
[EventCountry "WLS"]
[SourceDate "2016.10.09"]

1. e4 g6 2. Nc3 Bg7 3. g3 d6 4. Bg2 Nc6 5. d3 Nd4 6. Nce2 Nxe2 7. Nxe2 e5 8.
O-O Ne7 9. c3 c6 10. d4 Qc7 11. Be3 Bg4 12. h3 Bxe2 13. Qxe2 O-O 14. a4 d5 15.
dxe5 dxe4 16. Bf4 Bxe5 17. Bxe5 Qxe5 18. Qxe4 Qxe4 19. Bxe4 Rad8 20. Rfd1 Nc8
21. a5 a6 22. Kf1 1/2-1/2

[Event "WCPL:Nidum-The Vale"]
[Site "?"]
[Date "2017.03.12"]
[Round "3.9"]
[White "Heaven, Peter"]
[Black "Gibbons, Andrew"]
[Result "1/2-1/2"]
[WhiteElo "2028"]
[BlackElo "1946"]
[PlyCount "73"]
[EventDate "2017.03.12"]
[EventCountry "WLS"]
[SourceDate "2016.10.09"]

1. e4 c5 2. Nf3 Nc6 3. d4 cxd4 4. Nxd4 g6 5. Nc3 Bg7 6. Be3 Nf6 7. Bc4 O-O 8.
O-O Nxe4 9. Bxf7+ Rxf7 10. Nxe4 Nxd4 11. Bxd4 d6 12. Bxg7 Kxg7 13. Qd4+ Kg8 14.
Rfe1 Bf5 15. Ng5 Rf6 16. Qd5+ Kg7 17. Qxb7 Bd7 18. Qd5 Rb8 19. Ne4 Rf5 20. Qd4+
Kg8 21. Nc3 a5 22. a3 Rc8 23. Nd5 e5 24. Qd3 Bc6 25. Rad1 Qf8 26. f3 Qf7 27.
Ne3 Rf6 28. Ng4 Qa7+ 29. Kh1 Re6 30. Qb3 Qe7 31. Ne3 Kg7 32. Nd5 Qf7 33. Re2 a4
34. Qb4 Bd7 35. Nb6 Rb8 36. Qa5 Bc6 37. Re3 1/2-1/2

[Event "WCPL:Nidum-The Vale"]
[Site "?"]
[Date "2017.03.12"]
[Round "3.10"]
[White "Yeo, Gareth"]
[Black "Jukes, Sam"]
[Result "0-1"]
[WhiteElo "1962"]
[BlackElo "1718"]
[PlyCount "56"]
[EventDate "2017.03.12"]
[EventCountry "WLS"]
[SourceDate "2016.10.09"]

1. d4 Nf6 2. c4 g6 3. Nc3 Bg7 4. e4 d6 5. Nge2 O-O 6. Ng3 e5 7. d5 c6 8. Be2
cxd5 9. cxd5 Ne8 10. h4 f5 11. exf5 Bxf5 12. h5 Nf6 13. hxg6 Bxg6 14. Be3 a6
15. Qa4 Nbd7 16. Qb4 Qb8 17. Nge4 Nxe4 18. Nxe4 Bxe4 19. Qxe4 Nf6 20. Qh4 Qe8
21. Bg5 Qg6 22. Bxf6 Rxf6 23. Rh3 Rf4 24. Qg3 Qe4 25. Qd3 Qxg2 26. Qxh7+ Kf8
27. O-O-O Rxf2 28. Bd3 Rc8+ 0-1

[Event "WCPL:Nidum-The Vale"]
[Site "?"]
[Date "2017.03.12"]
[Round "3.11"]
[White "Stuart, Neil"]
[Black "Davies, Matthew"]
[Result "0-1"]
[WhiteElo "1773"]
[BlackElo "1947"]
[PlyCount "78"]
[EventDate "2017.03.12"]
[EventCountry "WLS"]
[SourceDate "2016.10.09"]

1. d4 d5 2. c4 c6 3. Nf3 Nf6 4. Nc3 dxc4 5. a4 Bf5 6. e3 e6 7. Bxc4 Bb4 8. O-O
Nbd7 9. Qe2 Bg6 10. Rd1 O-O 11. Bd3 Bxd3 12. Qxd3 Qa5 13. e4 e5 14. Be3 Ng4 15.
d5 Rad8 16. Na2 Nc5 17. Qc4 Nxe3 18. fxe3 Na6 19. Nxb4 Qxb4 20. Nxe5 Qxc4 21.
Nxc4 Nb4 22. d6 Rfe8 23. e5 f6 24. exf6 gxf6 25. Rf1 Kf7 26. Rf4 Nd5 27. Raf1
Nxf4 28. Rxf4 b5 29. axb5 cxb5 30. d7 Rxd7 31. Na5 Rxe3 32. Kf2 Re6 33. Rh4 Kg6
34. Rb4 Rd2+ 35. Kf3 a6 36. Nb7 Ree2 37. Nc5 Rxg2 38. Ne4 Rxb2 39. Rd4 Rxh2 0-1

[Event "WCPL:White Knights-Abergavenny"]
[Site "?"]
[Date "2017.03.12"]
[Round "3.13"]
[White "Morris, Charles F"]
[Black "Strugnell, Carl"]
[Result "1-0"]
[WhiteElo "2115"]
[BlackElo "2237"]
[PlyCount "85"]
[EventDate "2017.03.12"]
[EventCountry "WLS"]
[SourceDate "2016.10.09"]

1. Nf3 Nf6 2. g3 d5 3. Bg2 g6 4. b3 Bg7 5. Bb2 c5 6. O-O Nc6 7. e3 O-O 8. c4
dxc4 9. bxc4 Qd3 10. Qb3 Nb4 11. Ne5 Qxb3 12. axb3 Ng4 13. f4 Nxe5 14. Bxe5
Bxe5 15. fxe5 Nd3 16. Ra5 a6 17. Be4 Rd8 18. Nc3 Bh3 19. Rfa1 Nxe5 20. Rxc5 Nd7
21. Rc7 Nf6 22. d4 Nxe4 23. Nxe4 Rd7 24. Rxd7 Bxd7 25. Nc5 Bc8 26. Na4 Bf5 27.
Nc5 Bc8 28. e4 b6 29. Na4 Rb8 30. Nc3 Kf8 31. Kf2 Ke8 32. Ke3 Kd7 33. b4 Bb7
34. d5 Rc8 35. Na4 Kc7 36. c5 b5 37. Nc3 Rf8 38. e5 e6 39. d6+ Kc6 40. Ne4 Kd5
41. Kf4 Kc4 42. Rc1+ Kxb4 43. c6 1-0

[Event "WCPL:White Knights-Abergavenny"]
[Site "?"]
[Date "2017.03.12"]
[Round "3.14"]
[White "Hewitt, William"]
[Black "May, Frank"]
[Result "1/2-1/2"]
[WhiteElo "2018"]
[BlackElo "2102"]
[PlyCount "64"]
[EventDate "2017.03.12"]
[EventCountry "WLS"]
[SourceDate "2016.10.09"]

1. e4 Nf6 2. e5 Nd5 3. d4 d6 4. Nf3 dxe5 5. Nxe5 c6 6. Be2 Nd7 7. Nf3 g6 8. O-O
Bg7 9. c4 Nc7 10. Nc3 O-O 11. Re1 c5 12. Be3 cxd4 13. Nxd4 a6 14. Qd2 Ne5 15.
h3 Ne6 16. Red1 Nxd4 17. Bxd4 Be6 18. b3 Nc6 19. Bxg7 Qxd2 20. Rxd2 Kxg7 21.
Rad1 Rad8 22. Bf3 Rxd2 23. Rxd2 Rd8 24. Rxd8 Nxd8 25. Ne4 f5 26. Nc5 Bc8 27.
Kf1 Kf6 28. Ke2 Ke5 29. Kd3 Kd6 30. b4 a5 31. a3 axb4 32. axb4 h6 1/2-1/2

[Event "WCPL:White Knights-Abergavenny"]
[Site "?"]
[Date "2017.03.12"]
[Round "3.15"]
[White "Spencer, Douglas"]
[Black "Young, Alan"]
[Result "0-1"]
[WhiteElo "2032"]
[BlackElo "2046"]
[PlyCount "88"]
[EventDate "2017.03.12"]
[EventCountry "WLS"]
[SourceDate "2016.10.09"]

1. d4 d5 2. c4 dxc4 3. e4 Nc6 4. d5 Ne5 5. Bf4 Ng6 6. Bg3 h5 7. h3 h4 8. Bh2
Nf6 9. Nc3 e6 10. Bxc4 exd5 11. Bxd5 Bd6 12. Qb3 Nxd5 13. Qxd5 Be6 14. Qd2 Bxh2
15. Qxd8+ Rxd8 16. Rxh2 Nf4 17. b3 Rh5 18. Rd1 b5 19. g4 Rc5 20. Rxd8+ Kxd8 21.
Kd2 a5 22. Nge2 Nxe2 23. Nxe2 b4 24. Rh1 a4 25. Rc1 Rxc1 26. Nxc1 axb3 27. axb3
Ke7 28. f3 Kd6 29. Ke3 c5 30. f4 c4 31. bxc4 Bxc4 32. g5 b3 33. Nd3 Bxd3 34.
Kxd3 Kc5 35. Kc3 b2 36. Kxb2 Kd4 37. g6 fxg6 38. e5 Kd5 39. Kc3 g5 40. fxg5
Kxe5 41. Kd3 Kf4 42. Kd4 Kg3 43. Ke4 Kxh3 44. Kf3 g6 0-1

[Event "WCPL:White Knights-Abergavenny"]
[Site "?"]
[Date "2017.03.12"]
[Round "3.16"]
[White "May, Adam J"]
[Black "Adams, Mark"]
[Result "1/2-1/2"]
[WhiteElo "1941"]
[BlackElo "1977"]
[PlyCount "46"]
[EventDate "2017.03.12"]
[EventCountry "WLS"]
[SourceDate "2016.10.09"]

1. c4 c5 2. g3 g6 3. Bg2 Bg7 4. Nc3 Nc6 5. Nf3 e6 6. d3 Nge7 7. Bg5 h6 8. Bd2
d6 9. Rb1 Rb8 10. a3 O-O 11. Qc1 Kh7 12. b4 cxb4 13. axb4 b6 14. b5 Ne5 15.
Nxe5 Bxe5 16. O-O Bg7 17. Ra1 Qc7 18. Qa3 Bb7 19. Qxa7 Rfc8 20. Rad1 d5 21. Qa3
dxc4 22. dxc4 Bxg2 23. Kxg2 Qb7+ 1/2-1/2

[Event "WCPL:White Knights-Abergavenny"]
[Site "?"]
[Date "2017.03.12"]
[Round "3.17"]
[White "Waterfield, John W"]
[Black "Evans, Nicholas Thomas"]
[Result "1/2-1/2"]
[WhiteElo "1951"]
[BlackElo "1857"]
[PlyCount "80"]
[EventDate "2017.03.12"]
[EventCountry "WLS"]
[SourceDate "2016.10.09"]

1. e4 e5 2. f4 exf4 3. Nf3 g5 4. Nc3 Nc6 5. g3 Bg7 6. d4 d6 7. d5 Ne5 8. gxf4
Nxf3+ 9. Qxf3 g4 10. Qe3 Qh4+ 11. Qg3 Qxg3+ 12. hxg3 f5 13. Be3 Ne7 14. O-O-O
fxe4 15. Bd4 Bxd4 16. Rxd4 Nf5 17. Rxe4+ Kf7 18. Rg1 Bd7 19. Bd3 a6 20. Rc4
Rac8 21. Bxf5 Bxf5 22. Rb4 Rb8 23. Nd1 Rhe8 24. Kd2 Re4 25. Rxe4 Bxe4 26. Ne3
h5 27. Re1 Re8 28. c4 Bf3 29. Nc2 Rxe1 30. Nxe1 Be4 31. Ke3 Bb1 32. a3 c5 33.
dxc6 bxc6 34. Kd4 Ke6 35. b4 Bg6 36. Ng2 Bb1 37. Ne3 Bg6 38. a4 Be8 39. Ke4 Kf6
40. Kd4 Ke6 1/2-1/2

[Event "WCPL:White Knights-Abergavenny"]
[Site "?"]
[Date "2017.03.12"]
[Round "3.18"]
[White "Bevan, Peter M"]
[Black "Llewellyn, David"]
[Result "1-0"]
[WhiteElo "1911"]
[BlackElo "1834"]
[PlyCount "105"]
[EventDate "2017.03.12"]
[EventCountry "WLS"]
[SourceDate "2016.10.09"]

1. c4 b6 2. Nc3 Bb7 3. e4 e6 4. g3 f5 5. d3 Nf6 6. Bg2 Be7 7. Nge2 O-O 8. O-O
Na6 9. e5 Bxg2 10. exf6 Bxf1 11. fxe7 Qxe7 12. Kxf1 e5 13. f4 e4 14. dxe4 fxe4
15. Qd5+ Kh8 16. Qxe4 Qf7 17. Qd5 Qg6 18. Qe4 Qh5 19. Kg2 Rae8 20. Qf3 Qc5 21.
b3 c6 22. Qf2 Qe7 23. Bb2 Nc7 24. Nd4 b5 25. cxb5 cxb5 26. Ndxb5 Nxb5 27. Nxb5
Qe4+ 28. Kg1 Qb4 29. Nd4 Re4 30. a3 Qa5 31. b4 Qd5 32. Re1 Rfe8 33. Rxe4 Rxe4
34. Qd2 h6 35. Qc3 Re7 36. Qc8+ Kh7 37. Qc2+ Kh8 38. Qf5 Re8 39. Kf2 Qh1 40.
Qh3 Qe1+ 41. Kf3 Re3+ 42. Kg4 Qd1+ 43. Kh4 g5+ 44. fxg5 Re4+ 45. g4 hxg5+ 46.
Kxg5+ Kg8 47. Qb3+ Qxb3 48. Nxb3 Re2 49. Bd4 Ra2 50. h4 Rxa3 51. Nc5 d6 52. Ne4
Rd3 53. Bxa7 1-0

[Event "WCPL:Cardigan-The Vale"]
[Site "Merthyr Tydfil"]
[Date "2017.04.02"]
[Round "4.1"]
[White "Kett, Tim"]
[Black "Williams, A. Howard"]
[Result "1-0"]
[WhiteElo "2220"]
[BlackElo "2283"]
[Annotator "Rudy"]
[PlyCount "89"]
[EventDate "2017.04.02"]
[EventCountry "WLS"]
[SourceDate "2016.10.09"]

1. e4 e5 2. Nf3 Nc6 3. Bb5 Nf6 4. d3 d6 5. c3 Bd7 6. O-O Be7 7. Re1 O-O 8. Nbd2
Re8 9. Nf1 Bf8 10. Ng3 g6 {all main line material} 11. d4 (11. h3) (11. Ba4 {
most freqent lines}) 11... Nxd4 $11 {choice of the Cloud Engines} (11... Bg7
$11 {looks fine as well, 2-0; but the Wh players were far higher grade}) 12.
Nxd4 exd4 13. Bxd7 Qxd7 14. cxd4 Bg7 15. f3 {Komodo10} (15. b3 Rad8 16. Bb2 h5
17. f3 h4 18. Ne2 Nh5 19. Qd2 d5 $11 {Widera-Bisco, Hlohovec op 1996,1-0})
15... c6 16. Be3 Re6 (16... Qe6 $11) (16... Qc7 $11) 17. Qd3 $14 Rae8 18. Re2
h5 19. Rae1 b6 (19... a6) 20. Bg5 (20. Rc2 $14 {Houdini4 & Komodo10}) 20... Nh7
$11 21. Bd2 f5 $6 {as often in a Steinitz defence, Bl's position has been
solid, but with little scope for active counterplay. Hence the desire to
undermine the Wh centre.} (21... Nf8 $11) (21... d5 22. e5 c5 23. f4 h4 24. Nf1
f6 $11 (24... cxd4 25. Qxd4 f6 26. Bc3 fxe5 27. fxe5 $14 {Komodo10})) 22. d5 (
22. exf5 Rxe2 23. Rxe2 Rxe2 24. fxg6 Rxd2 (24... Re6 25. gxh7+ Kh8 26. Nxh5 $18
) 25. gxh7+ Kh8 26. Qxd2 $16 {another way to take advantage of the weakened K
side; Komodo10}) 22... cxd5 23. exf5 Rxe2 24. Rxe2 Rxe2 25. Qxd5+ (25. fxg6 Re6
26. gxh7+ Kh8 27. Qxd5 $11) 25... Qf7 26. Qxf7+ Kxf7 27. fxg6+ Kxg6 28. Nxe2
Bxb2 (28... Kf5 29. Bc3 $16 {a little better}) 29. Nf4+ $18 Kf7 (29... Kh6 $2
30. Nd3+) 30. Nxh5 {the 3 connected pawns are decisive} a5 31. g4 a4 32. Kf2
Bd4+ 33. Ke2 b5 34. Kd3 Bc5 35. f4 d5 36. f5 Nf6 37. Nxf6 Kxf6 38. h4 b4 39. h5
b3 40. axb3 a3 41. Kc2 (41. h6) 41... Bd4 42. Kb1 Bb2 43. b4 d4 44. b5 d3 45.
b6 1-0

[Event "WCPL:Cardigan-The Vale"]
[Site "Merthyr Tydfil"]
[Date "2017.04.02"]
[Round "4.2"]
[White "Jones, Iolo C"]
[Black "Ralphs, Nigel"]
[Result "1/2-1/2"]
[WhiteElo "2195"]
[BlackElo "2058"]
[Annotator "Iolo Jones"]
[PlyCount "89"]
[EventDate "2017.04.02"]
[EventCountry "WLS"]
[SourceDate "2016.10.09"]

1. d4 d5 2. Nf3 Nf6 3. c4 c6 4. e3 {second most usual choice, though it
encloses the QB} (4. Nc3 {main}) 4... Bf5 5. Nc3 e6 6. Bd3 (6. Nh4 {main}) 6...
Bxd3 7. Qxd3 Bb4 (7... Nbd7 {main}) 8. O-O O-O 9. Rb1 {rare- a mysterious R
move, maybe an open file or b4-b5 are coming?} (9. Bd2) (9. a3) (9. b3 {most
frequent}) 9... Nbd7 (9... Re8 10. a3 Bd6 11. e4 dxe4 12. Nxe4 Nxe4 13. Qxe4
Nd7 {Mezes-Turcan, SVK ch U10; Stara Lubovna 2014,0-1}) 10. a3 Bxc3 {Fritz13 &
Komodo10} (10... Bd6 11. e4 $11 {similar to more standard setups- Bl has moved
the B twice, but the R on b1 will probably move again}) 11. bxc3 {Fritz13} (11.
Qxc3 Rc8 12. b3 {Komodo10,keeps the pawns more flexible & not in the way of
the QB}) 11... Qc7 12. Nd2 e5 13. e4 dxe4 14. Nxe4 Nxe4 15. Qxe4 Rfe8 (15... f5
{both Engines}) 16. Qc2 b5 $5 {clears the Q side, but ends any concerns Wh may
have had about the doubled c pawn} (16... b6 17. Be3 Rad8 $11 {both engines})
17. cxb5 cxb5 18. Be3 a6 19. a4 Rac8 (19... exd4 20. Bxd4 bxa4 21. Qxa4 Nc5 $11
{both Engines}) 20. axb5 axb5 21. Rxb5 Qxc3 22. Qxc3 Rxc3 23. dxe5 $14 {Wh is
a pawn up, but faces technical difficulties- the Bl N is far more flexible
than than the QB} Rd3 (23... Nxe5 24. Bd4 $18) 24. Rc1 h6 25. Bf4 Nf8 26. h3
Ne6 27. Be3 Red8 (27... g5 {both Engines}) 28. Kh2 g5 29. h4 Kg7 30. Rc4 Kg6
31. Ra4 R3d5 32. Rab4 Rxb5 33. Rxb5 g4 (33... gxh4 $11 {both Engines} 34. Kh3
Kh5 35. Rb4 Ng5+ 36. Kh2 Ne6 $11 37. f4 {a forcing attempt} Kg4 38. f5+ Kxf5
39. Rxh4 Kxe5 40. Bxh6 {just makes the draw clear. Pawns on one side of the
board is favourable territory for the N}) 34. Kg3 h5 35. f3 gxf3 36. gxf3 Rd3
37. Kf2 Rd7 38. Rb8 Rd8 39. Rb7 Rd5 40. f4 {Fritz13 has slight advantage for
Wh; Komodo10 & Stockfish8 equal} Ra5 41. Kf3 Ra4 42. Rb8 Ng7 43. Rb6+ Ne6 44.
Rb8 Ng7 45. Rb6+ {the B can't control the opposite colour squares & is more
like a big pawn} 1/2-1/2